Diccionario Pocket : español francés, français espagnol

Guardat en:
Dades bibliogràfiques
Format: Llibre
Idioma:Undetermined
Publicat: Distrito Federal, México Ediciones Larousse 2002
Matèries:
Etiquetes: Afegir etiqueta
Sense etiquetes, Sigues el primer a etiquetar aquest registre!

MARC

LEADER 00000nam a2200000Ia 4500
008 170316s9999 xx 000 0 und d
040 |a cru BVZT 
090 |a REF 
245 |a Diccionario Pocket : español francés, français espagnol 
260 |a Distrito Federal, México  
260 |b Ediciones Larousse 
260 |c 2002 
300 |a 364 páginas 
650 |a REFERENCIA  |9 27 
650 |a DICCIONARIO ESPAÑOL - FRANCÉS Y FRANÇAIS - ESPAGNOL 
942 |c REF  |2 z  |0 1 
999 |c 15065  |d 15065